000 00615nam a2200277Ia 4500
005 20260324125037.0
008 008 260324s9999 xx 000 0 eng d
020 _a9781315705125
037 _aEBOOK
040 _aCRL
040 _beng
040 _cCRL
041 _2eng
041 _aeng
084 _qCRL
100 _aSusan Schafer
_91176452
245 0 _aDNA and Genes
260 _bTaylor and Francis
260 _c2009
365 _a
365 _b265
856 _uhttp://www.taylorfrancis.com/books/9781315705125
942 _cEBOOK
999 _c1771395
_d1771395